Construir como proyecto:una introducción a la materialidad arquitectónica/Jorge Raúl García (Registro nro. 18815)

Detalles MARC
000 -LEADER
fixed length control field 00539nam a22001811a 4500
001 - CONTROL NUMBER
control field 18815
003 - CONTROL NUMBER IDENTIFIER
control field OSt
005 - DATE AND TIME OF LATEST TRANSACTION
control field 20260204212422.0
008 - FIXED-LENGTH DATA ELEMENTS--GENERAL INFORMATION
fixed length control field 180905s2011||||ck ||||||b||||||||||spa||
020 ## - NUMERO DE LIBRO INTERNACIONAL NORMALIZADO
International Standard Book Number 9789588675282
082 ## - DEWEY DECIMAL CLASSIFICATION NUMBER
Classification number 720.07 G216c
100 ## - ASIENTO PRINCIPAL -- NOMBRE PERSONAL
Personal name García,Jorge Raúl
245 ## - TÍTULO PROPIAMENTE DICHO: SUBTÍTULO
Title Construir como proyecto:una introducción a la materialidad arquitectónica/Jorge Raúl García
264 ## - PRODUCTION, PUBLICATION, DISTRIBUTION, MANUFACTURE, AND COPYRIGHT NOTICE
Place of production, publication, distribution, manufacture Bogotá: Ediciones de la U
300 ## - PHYSICAL DESCRIPTION
Extensión 300 p.
650 ## - ASIENTO SECUNDARIO DE MATERIA -- TERMINO TEMÁTICO
Termino Temático Como Elemento de Entrada Arquitectura-Enseñanza 2.Proyectos de construcciónÌ
942 ## - ADDED ENTRY ELEMENTS (KOHA)
Source of classification or shelving scheme Dewey Decimal Classification
Koha item type Libros
Existencias
Withdrawn status Lost status Source of classification or shelving scheme Damaged status Not for loan Current library Date acquired Total Checkouts Full call number Barcode Date last seen Price effective from Koha item type
    Dewey Decimal Classification     Biblioteca UTECO 09/09/2019   720.07 G216C 018414 09/09/2019 09/09/2019 Libros
    Dewey Decimal Classification     Biblioteca UTECO 09/09/2019   720.07 G216C 018415 09/09/2019 09/09/2019 Libros
    Dewey Decimal Classification     Biblioteca UTECO 09/09/2019   720.07 G216C 018416 09/09/2019 09/09/2019 Libros
© 2021 Derechos Reservados UTECO - Teléfono: +1 809-585-2291 - Correo electrónico: biblioteca@uteco.edu.do​  
Código postal 43000 ​​
Dirección: Avenida Universitaria No. 100, 
Cotuí, Provincia Sánchez Ramírez, República Dominicana - RNC: 404-00059-6